[Event "Petrov for over 1800"]
[Site "SchemingMind.com"]
[Date "2007.03.27"]
[Round "-"]
[White "Shaka"]
[Black "viryeah"]
[Result "0-1"]
[WhiteCountry "VEN"]
[BlackCountry "ITA"]
[WhiteElo "1719"]
[WhiteRD "79"]
[BlackElo "2151"]
[BlackRD "81"]
[GameID "98030"]

1. e4 e5 2. Nf3 Nf6 3. d4 exd4 4. e5 Ne4 5. Bd3 Bb4+ 6. Nbd2 Nxd2 7. Bxd2 Bxd2+ 8. Qxd2 Nc6 9. O-O-O O-O 10. Be4 d5
11. exd6 Qxd6 12. Nxd4 Nxd4 13. Qxd4 Qb6 14. Qd3 g6 15. f4 Bg4 16. Bf3 Qf6 17. Bxg4 Qxf4+ 18. Kb1 Qxg4 19. g3 c5 20. Qb5 Rad8
21. Rxd8 Rxd8 22. a3 b6 23. Re1 Rd1+ 24. Rxd1 Qxd1+ 25. Ka2 Qd5+ 26. c4 Qe4 27. Qa6 Kg7 28. Kb3 Qd3+ 29. Ka2 h5 30. Qxa7 Qxc4+
31. Kb1 Qe4+ 32. Ka2 Qd5+ 33. Kb1 Qh1+ 34. Ka2 Qxh2 35. Qxb6 Qxg3 36. Qxc5 h4 37. a4 h3 38. a5 h2 39. Qd4+ f6 40. Qd7+ Kh6
41. Qd2+ Kh5 42. Qe2+ Kh4 43. Qe4+ Kh3 44. Qh1 Qg2
0-1

[Event "Petrov for over 1800"]
[Site "SchemingMind.com"]
[Date "2007.03.28"]
[Round "-"]
[White "viryeah"]
[Black "Shaka"]
[Result "1-0"]
[WhiteCountry "ITA"]
[BlackCountry "VEN"]
[WhiteElo "2032"]
[WhiteRD "101"]
[BlackElo "1799"]
[BlackRD "78"]
[GameID "98032"]

1. e4 e5 2. Nf3 Nf6 3. Nxe5 d6 4. Nf3 Nxe4 5. d4 d5 6. Bd3 Nf6 7. O-O Bd6 8. Re1+ Be6 9. Ng5 Qd7 10. Nxe6 fxe6
11. Bf5 Ne4 12. Bh3 Kd8 13. f3 Nf6 14. Rxe6 Re8 15. Rxf6 Qb5 16. Nc3 Qa6 17. Rf7
1-0

[Event "Petrov for over 1800"]
[Site "SchemingMind.com"]
[Date "2007.03.27"]
[Round "-"]
[White "kisei"]
[Black "viryeah"]
[Result "1/2-1/2"]
[WhiteCountry "HUN"]
[BlackCountry "ITA"]
[WhiteElo "2027"]
[WhiteRD "78"]
[BlackElo "2126"]
[BlackRD "78"]
[GameID "98196"]

1. e4 e5 2. Nf3 Nf6 3. Nxe5 d6 4. Nf3 Nxe4 5. d4 d5 6. Bd3 Be7 7. O-O Nc6 8. Re1 Bg4 9. c4 Nf6 10. cxd5 Nxd5
11. Nc3 O-O 12. h3 Be6 13. Ne4 h6 14. Nc5 Bxc5 15. dxc5 Qf6 16. Bb1 Nf4 17. Bxf4 Qxf4 18. Qc2 Rfd8 19. Qh7+ Kf8 20. Qh8+ Ke7
21. Qxg7 Rg8 22. Qc3 Qf6 23. Be4 Qxc3 24. bxc3 Kf6 25. Bxc6 bxc6 26. g4 Rab8 27. Nd4 Rg5 28. Nxc6 Rb2 29. Nxa7 Rxc5 30. a4 Rxc3
31. Re3 Rcc2 32. Rf3+ Kg6 33. Nb5 Bd7 34. Re1 Bxb5=
1/2-1/2

[Event "Petrov for over 1800"]
[Site "SchemingMind.com"]
[Date "2007.03.26"]
[Round "-"]
[White "kisei"]
[Black "Shaka"]
[Result "1-0"]
[WhiteCountry "HUN"]
[BlackCountry "VEN"]
[WhiteElo "1918"]
[WhiteRD "92"]
[BlackElo "1799"]
[BlackRD "78"]
[GameID "98197"]

1. e4 e5 2. Nf3 Nf6 3. Nxe5 d6 4. Nf3 Nxe4 5. d4 d5 6. Bd3 Bd6 7. O-O O-O 8. c4 c6 9. cxd5 cxd5 10. Nc3 Nf6
11. Bg5 Be6 12. Ne5 Nc6 13. Nxc6 bxc6 14. Qd2 Qc7 15. Bxf6 gxf6 16. Qh6 f5 17. f4 Kh8 18. Bxf5 Bxf5 19. Qf6+ Kg8 20. Qxf5 Qe7
21. Rae1 Qh4 22. Re3
1-0

[Event "Petrov for over 1800"]
[Site "SchemingMind.com"]
[Date "2007.03.28"]
[Round "-"]
[White "viryeah"]
[Black "kisei"]
[Result "1-0"]
[WhiteCountry "ITA"]
[BlackCountry "HUN"]
[WhiteElo "2151"]
[WhiteRD "81"]
[BlackElo "2034"]
[BlackRD "71"]
[GameID "98199"]

1. e4 e5 2. Nf3 Nf6 3. Nxe5 d6 4. Nf3 Nxe4 5. d4 d5 6. Bd3 Be7 7. O-O Nc6 8. c4 Nb4 9. Be2 Be6 10. Nc3 Nxc3
11. bxc3 Nc6 12. cxd5 Bxd5 13. c4 Bxf3 14. Bxf3 Nxd4 15. Bxb7 Rb8 16. Bd5 O-O 17. Be3 c5 18. Qd3 Bf6 19. Rab1 Rxb1 20. Rxb1 Qa5
21. a3 Re8 22. g3 Qc3 23. Qxc3 Ne2+ 24. Kg2 Nxc3 25. Rb7 Nxd5 26. cxd5 c4 27. Rc7 c3 28. d6 Rd8 29. d7 c2 30. Rxc2 Rxd7
31. Rc8+ Rd8 32. Rxd8+ Bxd8 33. Bxa7 f6 34. g4 Kf7 35. Kf3 Ke6 36. Ke4 g6 37. h3 Bc7 38. f3 f5+= 39. gxf5+ gxf5+ 40. Kd4 Kf6
41. Kd5 Kg5 42. Ke6 Kf4= 43. h4 Kxf3 44. Kxf5 Bd8 45. h5 Ke2 46. Bc5 Kd3 47. Ke6 Kc4 48. Be7 Bb6 49. Kf7 Be3= 50. Kg7 h6
51. Kg6
1-0

[Event "Petrov for over 1800"]
[Site "SchemingMind.com"]
[Date "2007.03.26"]
[Round "-"]
[White "Shaka"]
[Black "kisei"]
[Result "0-1"]
[WhiteCountry "VEN"]
[BlackCountry "HUN"]
[WhiteElo "1799"]
[WhiteRD "78"]
[BlackElo "1918"]
[BlackRD "92"]
[GameID "98200"]

1. e4 e5 2. Nf3 Nf6 3. d3 Nc6 4. Nc3 Bb4 5. Bd2 O-O 6. Be2 d5 7. exd5 Nxd5 8. Nxd5 Bxd2+ 9. Qxd2 Qxd5 10. O-O f6
11. h3 Be6 12. Qc3 Rac8 13. Nd2 Nd4 14. Bf3 Nxf3+ 15. Nxf3 Bxh3 16. Qb3 Be6 17. Qa3 a6 18. c4 Qd6 19. Qc3 Rcd8 20. Rfd1 Bg4
21. b4 Bxf3 22. gxf3 f5 23. Kf1 Qh6 24. Ke2 e4 25. fxe4 fxe4 26. d4 Qh5+ 27. Kd2 Rf3
0-1

[Event "Petrov for over 1800"]
[Site "SchemingMind.com"]
[Date "2007.03.27"]
[Round "-"]
[White "Gambiteer"]
[Black "viryeah"]
[Result "1/2-1/2"]
[WhiteCountry "ENG"]
[BlackCountry "ITA"]
[WhiteElo "2171"]
[WhiteRD "72"]
[BlackElo "2097"]
[BlackRD "89"]
[GameID "98541"]

1. e4 e5 2. Nf3 Nf6 3. d4 exd4 4. e5 Ne4 5. Qxd4 d5 6. exd6 Nxd6 7. Bd3 Nc6 8. Qf4 g6 9. O-O Bg7 10. Re1+ Be6
11. Nc3 O-O 12. Be3 Qf6 13. Qg3 h6 14. Bc5 Rfd8 15. Rad1 Rac8 16. a4 a6 17. Bxd6 cxd6 18. Be4 d5 19. Nxd5 Qxb2 20. c4 Bxd5
21. cxd5 Ne5 22. Qf4 b5 23. axb5 axb5 24. Rb1 Nxf3+ 25. Bxf3 Qc3 26. h3 Rc4 27. Re4 Qd3 28. Rxc4 Qxb1+ 29. Rc1 Qd3 30. Qc7 Bf6
31. Qb6 Kg7 32. Rd1 Qc4 33. d6 b4 34. Qb7 Bc3 35. Qb6 Qh4 36. d7 Qf6 37. Qb5 Qe5=
1/2-1/2

[Event "Petrov for over 1800"]
[Site "SchemingMind.com"]
[Date "2007.03.28"]
[Round "-"]
[White "Gambiteer"]
[Black "Shaka"]
[Result "1-0"]
[WhiteCountry "ENG"]
[BlackCountry "VEN"]
[WhiteElo "2144"]
[WhiteRD "67"]
[BlackElo "1823"]
[BlackRD "75"]
[GameID "98542"]

1. e4 e5 2. Nf3 Nf6 3. d4 exd4 4. e5 Ne4 5. Qxd4 d5 6. exd6 Nxd6 7. Bd3 Nc6 8. Qf4 Be7 9. Nc3 Be6 10. Be3 Qd7
11. O-O-O O-O-O 12. Qa4 Kb8 13. Ne5 Qe8 14. Nxc6+ Qxc6 15. Qxa7+ Kc8 16. Bb5
1-0

[Event "Petrov for over 1800"]
[Site "SchemingMind.com"]
[Date "2007.03.28"]
[Round "-"]
[White "Gambiteer"]
[Black "kisei"]
[Result "1-0"]
[WhiteCountry "ENG"]
[BlackCountry "HUN"]
[WhiteElo "2188"]
[WhiteRD "71"]
[BlackElo "1936"]
[BlackRD "93"]
[GameID "98543"]

1. e4 e5 2. Nf3 Nf6 3. d4 exd4 4. e5 Ne4 5. Qxd4 d5 6. exd6 Nxd6 7. Bd3 Nc6 8. Qf4 g6 9. O-O Bg7 10. Re1+ Be6
11. Nc3 O-O 12. Be3 Qf6 13. Qg3 Nf5 14. Qxc7 Rfc8 15. Qf4 Nxe3 16. Qxe3 Re8 17. a3 Bd7 18. Qc5 Rad8 19. Rad1 Rxe1+ 20. Rxe1 Bf8
21. Qc4 Be6 22. Qb5 Qe7 23. Bc4 Bxc4 24. Qxc4 Qd7 25. Ne4 Bg7 26. c3 b6 27. Ng3 h6 28. Nf1 Rc8 29. Qe4 Na5 30. Ne3 Re8
31. Qc2 Qc6 32. Qd3 Nb3 33. Rd1 Nc5 34. Qc4 b5 35. Qd5 Qb6 36. Nd4 Rd8 37. Qf3 Ne6 38. Nxe6 Rxd1+ 39. Qxd1 Qxe6 40. Qd5 Qe8
41. Kf1 a6 42. h4 h5 43. Qd3 Qe6 44. Qd5 Qe8 45. Nc2 Bf8 46. Nd4 Bh6 47. g3 Qc8 48. Nb3 Qh3+ 49. Ke1 Qh2 50. Ke2 Qg1
51. Nc5 Qc1 52. Nd3 Qb1 53. f4 Qc2+ 54. Ke3 Qh2 55. Qf3 Bg7 56. Ke4 Qh3 57. f5 gxf5+ 58. Kd5 f4 59. Nxf4 Qf5+ 60. Kc6 b4
61. axb4 Qb5+ 62. Kd6
1-0

[Event "Petrov for over 1800"]
[Site "SchemingMind.com"]
[Date "2007.03.27"]
[Round "-"]
[White "viryeah"]
[Black "Gambiteer"]
[Result "1/2-1/2"]
[WhiteCountry "ITA"]
[BlackCountry "ENG"]
[WhiteElo "2126"]
[WhiteRD "78"]
[BlackElo "2159"]
[BlackRD "71"]
[GameID "98545"]

1. e4 e5 2. Nf3 Nf6 3. Nxe5 d6 4. Nf3 Nxe4 5. d4 d5 6. Bd3 Bd6 7. O-O O-O 8. c4 Nf6 9. Nc3 dxc4 10. Bxc4 Nc6
11. h3 Bf5 12. Bg5 h6 13. Be3 a6 14. d5 Ne7 15. a4 Bd7 16. Re1 Nf5 17. Bd4 Nxd4 18. Qxd4 Bf5 19. Bd3 Qd7 20. Ne5 Bxe5
21. Rxe5 Bxd3 22. Qxd3 Rfe8 23. Rae1 Rxe5 24. Rxe5 Rd8 25. Qc4 Qd6 26. Re1 Rd7 27. Qb3 b6 28. Rd1 Qf4 29. Ne2 Qd6 30. Nc3 Qc5
31. Kf1 Rd8 32. Kg1 Rd6 33. Kf1 h5 34. Kg1 h4 35. Kf1 Rd8 36. Kg1 Re8 37. Qc2 b5 38. axb5 axb5 39. Qd3 b4 40. Qb5 Qd6
41. Na2 Re4 42. f3 Rf4 43. Qd3 Qc5+ 44. Kh1 Nh5 45. d6 cxd6 46. Qxd6 Ng3+ 47. Kh2 Nf1+ 48. Kh1 Ng3+ 49. Kh2=
1/2-1/2

[Event "Petrov for over 1800"]
[Site "SchemingMind.com"]
[Date "2007.03.28"]
[Round "-"]
[White "Shaka"]
[Black "Gambiteer"]
[Result "0-1"]
[WhiteCountry "VEN"]
[BlackCountry "ENG"]
[WhiteElo "1799"]
[WhiteRD "78"]
[BlackElo "2172"]
[BlackRD "69"]
[GameID "98546"]

1. e4 e5 2. Nf3 Nf6 3. d3 Nc6 4. Be2 Be7 5. Nc3 d5 6. exd5 Nxd5 7. Nxd5 Qxd5 8. h3 Bf5 9. O-O O-O-O 10. Be3 Rhe8
11. a3 Qe6 12. Ng5 Bxg5 13. Bxg5 Rd7 14. Bf3 e4 15. Be2 exd3 16. Bxd3 Bxd3 17. cxd3 Qf5 18. Be3 Rxd3 19. Qa4 Rd6 20. Rac1 Rg6
21. Kh1 Qe4 22. Qxe4 Rxe4 23. Rfd1 Rge6 24. b4 R4e5 25. Rc4 a5 26. Rg4 g6 27. Kg1 axb4
0-1

[Event "Petrov for over 1800"]
[Site "SchemingMind.com"]
[Date "2007.03.27"]
[Round "-"]
[White "kisei"]
[Black "Gambiteer"]
[Result "0-1"]
[WhiteCountry "HUN"]
[BlackCountry "ENG"]
[WhiteElo "1880"]
[WhiteRD "92"]
[BlackElo "2167"]
[BlackRD "66"]
[GameID "98547"]

1. e4 e5 2. Nf3 Nf6 3. Nxe5 d6 4. Nf3 Nxe4 5. d4 d5 6. Bd3 Be7 7. O-O O-O 8. c4 Nf6 9. Nc3 dxc4 10. Bxc4 Bg4
11. h3 Bh5 12. Re1 Nbd7 13. g4 Bg6 14. Nh4 Nb6 15. Nxg6 hxg6 16. Bb3 c6 17. Bf4 a5 18. Qc2 a4 19. Nxa4 Nxa4 20. Bxa4 Qxd4
21. Bb3 Qxf4 22. Rxe7 Rae8 23. Rxe8 Rxe8 24. Qxg6 Ne4 25. Qf5 Qxf5 26. gxf5 Nd2 27. Bc2 Nf3+ 28. Kg2 Ne1+
0-1

[Event "Petrov for over 1800"]
[Site "SchemingMind.com"]
[Date "2007.03.30"]
[Round "-"]
[White "Aumonde"]
[Black "Gambiteer"]
[Result "1-0"]
[WhiteCountry "USA"]
[BlackCountry "ENG"]
[WhiteElo "2295"]
[WhiteRD "58"]
[BlackElo "2167"]
[BlackRD "66"]
[GameID "98913"]

1. e4 e5 2. Nf3 Nf6 3. Nxe5 d6 4. Nf3 Nxe4 5. d3 Nf6 6. d4 Be7 7. Bd3 Bg4 8. c3 O-O 9. h3 Bh5 10. O-O Qd7
11. Bg5 Nd5 12. Bxe7 Qxe7 13. Nbd2 Nf4 14. Re1 Qf6 15. Bf1 Nd7 16. g3 Ne6 17. Bg2 Rfe8 18. Qb3 Bxf3 19. Nxf3 Nb6 20. a4 Rab8
21. a5 Nd7 22. a6 b5 23. d5 Ndc5 24. Qc2 Nf8 25. Rxe8 Rxe8 26. b4 Ncd7 27. Nd4 Qd8 28. Qd3 Nb6 29. Nc6 Qa8 30. Qxb5 Nfd7
31. c4 Ne5 32. Nxe5 Rxe5 33. c5 dxc5 34. bxc5 c6 35. dxc6 Qf8 36. Qxb6
1-0

[Event "Petrov for over 1800"]
[Site "SchemingMind.com"]
[Date "2007.03.29"]
[Round "-"]
[White "Aumonde"]
[Black "viryeah"]
[Result "0-1"]
[WhiteCountry "USA"]
[BlackCountry "ITA"]
[WhiteElo "2262"]
[WhiteRD "56"]
[BlackElo "2097"]
[BlackRD "89"]
[GameID "98914"]

1. e4 e5 2. Nf3 Nf6 3. Nxe5 d6 4. Nf3 Nxe4 5. d3 Nf6 6. d4 d5 7. Bd3 Be7 8. O-O Bg4 9. c3 Nbd7 10. h3 Bh5
11. Bf4 O-O 12. Nbd2 Re8 13. Qb3 Nb6 14. Rfe1 a5 15. Ne5 a4 16. Qc2 c6 17. Ndf3 Nbd7 18. Bg5 Nxe5 19. Nxe5 Bg6 20. Nxg6 hxg6
21. Re2 Qd7 22. Rae1 b5 23. Qd2 Bd6 24. Rxe8+ Rxe8 25. Rxe8+ Qxe8 26. Qe3 Kf8 27. Qxe8+ Kxe8 28. Be3 Ke7 29. g4 a3 30. b4 Ne4
31. Bxe4 dxe4 32. Bd2 Ke6 33. Kf1 Kd5 34. Ke2 f6 35. h4 f5 36. g5 Bh2 37. Bc1 Kc4 38. Bd2 f4 39. Be1 Bg1 40. Kf1 Kd3
41. c4 bxc4 42. b5 cxb5 43. d5 Bh2 44. d6 f3 45. d7 Bc7 46. Bb4 c3 47. Bxa3 c2 48. Bc1 Kd4 49. Ke1 Ba5+ 50. Kf1 Kd5
0-1

[Event "Petrov for over 1800"]
[Site "SchemingMind.com"]
[Date "2007.03.31"]
[Round "-"]
[White "Aumonde"]
[Black "Shaka"]
[Result "1-0"]
[WhiteCountry "USA"]
[BlackCountry "VEN"]
[WhiteElo "2295"]
[WhiteRD "58"]
[BlackElo "1844"]
[BlackRD "78"]
[GameID "98915"]

1. e4 e5 2. Nf3 Nf6 3. Nc3 Nc6 4. Nxe5 Nxe5 5. d4 Bd6 6. dxe5 Bxe5 7. Qd3 b6 8. Bg5 Bb7 9. f4 Bxc3+ 10. Qxc3 Bxe4
11. O-O-O h6 12. Qe5+ Qe7 13. Bxf6 gxf6 14. Qxc7 O-O 15. Qxd7 Qc5 16. Bd3 Qe3+ 17. Kb1 Qxf4 18. Rhf1
1-0

[Event "Petrov for over 1800"]
[Site "SchemingMind.com"]
[Date "2007.03.29"]
[Round "-"]
[White "Aumonde"]
[Black "kisei"]
[Result "1-0"]
[WhiteCountry "USA"]
[BlackCountry "HUN"]
[WhiteElo "2295"]
[WhiteRD "58"]
[BlackElo "1880"]
[BlackRD "92"]
[GameID "98916"]

1. e4 e5 2. Nf3 Nf6 3. Nc3 Nc6 4. d4 exd4 5. Nxd4 Bb4 6. Nxc6 bxc6 7. Bd3 d5 8. exd5 cxd5 9. O-O O-O 10. Bg5 Bxc3
11. bxc3 h6 12. Bh4 Rb8 13. Qc1 c5 14. Qa3 c4 15. Bxf6 gxf6 16. Be2 Qc7 17. Rad1 Be6 18. Rd4 Rfe8 19. Bf3 Rb5 20. Qc1 Kg7
21. Rh4 Rh8 22. Qd2 Qa5 23. Rf4 Qb6 24. h3 Re8 25. Rh4 Qa5= 26. Qxh6+
1-0

[Event "Petrov for over 1800"]
[Site "SchemingMind.com"]
[Date "2007.03.30"]
[Round "-"]
[White "Gambiteer"]
[Black "Aumonde"]
[Result "1/2-1/2"]
[WhiteCountry "ENG"]
[BlackCountry "USA"]
[WhiteElo "2172"]
[WhiteRD "69"]
[BlackElo "2275"]
[BlackRD "60"]
[GameID "98918"]

1. e4 e5 2. Nf3 Nf6 3. d4 d5 4. exd5 exd4 5. Bb5+ c6 6. Qe2+ Be7 7. dxc6 bxc6 8. Bc4 O-O 9. O-O c5 10. Re1 Nc6
11. Bb5 Qb6 12. Bg5 Bd7 13. a4 Rfe8 14. a5 Qc7 15. Qf1 Rab8 16. Nbd2 Ne5 17. Bxd7 Nfxd7 18. Nxe5 Nxe5 19. Bf4 Bd6 20. Bg3 Qc6
21. Rad1 Bc7 22. c3 dxc3 23. bxc3 Rbd8 24. a6 Qa4 25. Ra1 Qd7 26. Nc4 Nxc4 27. Qxc4 Bxg3 28. hxg3 Qd6 29. Reb1 h6 30. Rb7 Re7
31. Rab1 Rde8 32. Kh2 Kh7 33. Rxe7 Rxe7 34. Rb7 g5 35. Qg4 Kg6 36. Qc8 Qxa6 37. Qg8+ Kf6 38. Qh8+ Ke6 39. Rb8 Kd5 40. Rb1 Kc4
41. Qb8 Qa3 42. Qb5+ Kxc3=
1/2-1/2

[Event "Petrov for over 1800"]
[Site "SchemingMind.com"]
[Date "2007.03.29"]
[Round "-"]
[White "viryeah"]
[Black "Aumonde"]
[Result "1/2-1/2"]
[WhiteCountry "ITA"]
[BlackCountry "USA"]
[WhiteElo "2097"]
[WhiteRD "89"]
[BlackElo "2262"]
[BlackRD "56"]
[GameID "98919"]

1. e4 e5 2. Nf3 Nf6 3. Nxe5 d6 4. Nf3 Nxe4 5. d4 Nf6 6. Bd3 Qe7+ 7. Be2 Bg4 8. O-O Nbd7 9. Re1 O-O-O 10. Ng5 Be6
11. c4 d5 12. c5 Ne4 13. Nxe6 Qxe6 14. Nc3 f5 15. Qa4 Ndxc5 16. Qxa7 Nd7 17. Qa8+ Nb8 18. Nb5 Kd7 19. Qxb7 Qc6 20. Qxc6+ Nxc6
21. f3 Nd6 22. Bg5 Rb8 23. a4 Be7 24. Bd2 Nxb5 25. Bxb5 Rxb5 26. axb5 Nxd4 27. Bc3 Nc2 28. Rxe7+ Kxe7 29. Rc1 d4 30. Rxc2 dxc3
31. bxc3 Kd6 32. Rd2+ Kc5 33. Rd7 g6 34. Rxc7+ Kb6 35. Rc6+ Kxb5 36. Rc7 Kb6 37. Rg7 Kb5 38. h4 Kc4 39. Rc7+ Kd5 40. Kf2 Kd6
41. Ra7 Rc8 42. Ra3 f4 43. Ra4 Rxc3 44. Rxf4 Rc2+ 45. Kg3 Ke5 46. Rf7 h5 47. Re7+=
1/2-1/2

[Event "Petrov for over 1800"]
[Site "SchemingMind.com"]
[Date "2007.03.31"]
[Round "-"]
[White "Shaka"]
[Black "Aumonde"]
[Result "0-1"]
[WhiteCountry "VEN"]
[BlackCountry "USA"]
[WhiteElo "1799"]
[WhiteRD "78"]
[BlackElo "2275"]
[BlackRD "60"]
[GameID "98920"]

1. e4 e5 2. Nf3 Nf6 3. d4 d5 4. exd5 exd4 5. Qxd4 Qxd5 6. Nc3 Qxd4 7. Nxd4 Bb4 8. Bd2 O-O 9. O-O-O Rd8 10. Nb3 Be6
11. Bd3 Ng4 12. Be4 Nd7 13. Bxb7 Rab8 14. Bf3 Nxf2 15. Rhf1 Nxd1 16. Rxd1 Ne5 17. Be4 f5 18. Bf3 Nxf3 19. gxf3 c6 20. Re1 Re8
21. Nd4 Bd7 22. Rg1 Bc5 23. Nce2 Bb6
0-1

[Event "Petrov for over 1800"]
[Site "SchemingMind.com"]
[Date "2007.03.29"]
[Round "-"]
[White "kisei"]
[Black "Aumonde"]
[Result "1/2-1/2"]
[WhiteCountry "HUN"]
[BlackCountry "USA"]
[WhiteElo "1882"]
[WhiteRD "91"]
[BlackElo "2258"]
[BlackRD "56"]
[GameID "98921"]

1. e4 e5 2. Nf3 Nf6 3. Nxe5 d6 4. Nf3 Nxe4 5. d4 d5 6. Bd3 Be7 7. O-O O-O 8. c4 Bg4 9. Nc3 Nxc3 10. bxc3 c5
11. Rb1 cxd4 12. cxd4 Nc6 13. Rxb7 dxc4 14. Be4 Bxf3 15. Qxf3 Nxd4 16. Qd1 Bf6 17. Ba3 Re8 18. Bxh7+=
1/2-1/2